000 01472nam a2200325 c 4500
999 _c142747
_d142747
003 BLK
005 20210203093111.0
008 180409b bul|||||r ||||||| ||bul||
010 _aKNG00148844000
040 _aBLK
041 _aBUL
_cBUL
080 _aБългарска литература
_b821.163.2
_x-93-1
_z821.163.2-93-1
100 1 _aДядо Благо
_eпърви автор
_gРусев, Стоян Стойков
_9276579
139 _aРусев, Стоян Стойков
_bР 94
245 1 0 _aМъдра баба
_bГатанки
_cДядо Благо; подб. и ред. Кирил Момчилов; худож. Невена Петрова Тузсузова; * Стоян Стойков Русев.
257 _aBGR
260 _bБълг. художник
_c1981
_aСофия
_fДПК Д. Благоев
300 _a64 с.
_bс ил.
_c28 см
380 _aDX
490 _aБиблиотека Слънчеви извори
_9202183
500 _aДядо Благо - псевд. на Стоян Стойков Русев. - 60 120 тир.
700 1 _aМомчилов, Кирил
_eподб. и ред.
_9377042
700 1 _aТузсузова, Невена Петрова
_eхудож.
_9377179
700 1 _aРусев, Стоян Стойков
_e*
_9367517
852 _aЦб ІІ 18622
856 4 _qpdf
856 4 _qpdf
942 _cKNG
_n0
_s1
944 _aCR
_c07.08.2013
_l07.08.2013 - от С1,Р / 07.08.2013
_kСерджан_Ахмедов
944 _aED
_c07.08.2013
_l07.08.2013 - от С1,Р / 07.08.2013
999 _d142747